Plato (Record no. 192222)

MARC details
000 -LEADER
fixed length control field 00636nam a2200241Ia 4500
003 - CONTROL NUMBER IDENTIFIER
control field OSt
005 - DATE AND TIME OF LATEST TRANSACTION
control field 20220918191932.0
008 - FIXED-LENGTH DATA ELEMENTS--GENERAL INFORMATION
fixed length control field 220917b |||||||| |||| 00| 0 eng d
037 ## - SOURCE OF ACQUISITION
Terms of availability Textual
040 ## - CATALOGING SOURCE
Original cataloging agency ARTS
Transcribing agency ARTS
Language of cataloging eng
041 ## - LANGUAGE CODE
Source of code eng
Language code of text/sound track or separate title eng
100 ## - MAIN ENTRY--PERSONAL NAME
Personal name Sharma Ram Nath
9 (RLIN) 26737
245 #0 - TITLE STATEMENT
Title Plato
260 ## - PUBLICATION, DISTRIBUTION, ETC.
Place of publication, distribution, etc. Lucknow
Name of publisher, distributor, etc. Vineet Pub
Date of publication, distribution, etc. 1976
300 ## - PHYSICAL DESCRIPTION
Extent viii,174p.,ii
Dimensions cm.
700 ## - ADDED ENTRY--PERSONAL NAME
Personal name Sharma Urmila
9 (RLIN) 77738
942 ## - ADDED ENTRY ELEMENTS (KOHA)
Classification part R3xC57:g, L61
Koha item type Textual
Source of classification or shelving scheme Colon Classification (CC)
Holdings
Withdrawn status Lost status Damaged status Not for loan Home library Current library Date acquired Total Checkouts Full call number Barcode Date last seen Price effective from Koha item type
        Arts Library Arts Library 2022-09-18   R3xC57:g L61 AL0711852 2022-09-18 2022-09-18 Textual
Copyright @ Delhi University Library System